000 00896pam a2200289 a 4500
999 _c3154
_d3154
003 OSt
005 20210826084910.0
008 930107s1993 nyua b 001 0 eng c
020 _a0716723387 (cloth) :
020 _a0716724855 (pbk.)
040 _cALUPE UNIVERSITY
050 0 0 _aQP376
_b.T48 1993
060 _aWL 300 T475b 1993
100 1 _aThompson, Richard F.
245 1 4 _aThe brain :
_ba neuroscience primer /
_cRichard F. Thompson.
250 _a2nd ed.
260 _aNew York :
_bW.H. Freeman & Co.,
_cc1993.
300 _aviii, 475 p. :
_bill. ;
_c25 cm.
440 2 _aA Series of books in psychology
504 _aIncludes bibliographical references and index.
650 0 _aBrain.
650 0 _aNeurosciences.
650 2 _aBrain.
906 _a7
_bcbc
_corignew
_d1
_eocip
_f19
_gy-gencatlg
942 _2lcc
_cBK
_nJO